[Event "Paris NAO GM 3rd"]
[Site "Paris"]
[Date "2003.12.19"]
[Round "5"]
[White "Vachier Lagrave, Maxime"]
[Black "Pira, Davoud"]
[Result "1-0"]
[WhiteElo "2412"]
[BlackElo "2403"]
[Annotator "Atlas,V"]
[PlyCount "71"]
[EventDate "2003.12.15"]
[EventType "tourn"]
[EventRounds "9"]
[EventCountry "FRA"]
[EventCategory "9"]
[SourceTitle "CBM 099"]
[Source "ChessBase"]
[SourceDate "2004.03.30"]
[SourceVersion "1"]
[SourceVersionDate "2004.03.30"]
[SourceQuality "1"]

1. e4 g6 2. d4 Bg7 3. Nc3 c6 4. Bc4 d6 5. Nf3 Nf6 6. O-O b5 7. Bb3 b4 8. e5
bxc3 9. exf6 Bxf6 10. bxc3 O-O 11. Bg5 Bxg5 12. Nxg5 h6 13. Ne4 d5 14. Nd2 Nd7
15. c4 Nf6 16. Re1 Bg4 17. Qc1 Kg7 18. c3 Qd6 19. h3 Bf5 20. c5 Qc7 21. Nf3
Rae8 $6 ({A strange decision.} 21... Rfe8 {looks more natural.}) 22. Bc2 Be4
23. Ne5 Bxc2 24. Qxc2 Ne4 $6 ({Another dubious move.} 24... Rb8 {was to be
preferred.}) 25. f3 Ng5 26. Rab1 Rb8 27. Qa4 {Convincingly punishing Black's
mistakes, White obtained a large and durable advantage.} Rxb1 $6 ({More
stubborn was} 27... Rfc8) 28. Rxb1 f6 (28... Rc8 {is strongly met by} 29. Qa6)
29. Qxc6 Qa5 30. Nd7 Qxa2 $2 ({The final mistake. Essential was} 30... Rf7) 31.
Re1 Rf7 {[%tqu "En","How would you prove fragility of Black's defensive
construction?","Try to destroy the pawn shield around the enemy king.","Use
your rook for the decisive blow!","e1e7","This terrific strike yields White a
decisive advantage.",5]} 32. Rxe7 $1 {[%csl Gc6,Gd7,Ge7,Rf6,Rf7,Rg7][%cal
Gc6f6] This impressive rook sacrifice spells a quick end for Black.} Qb1+ 33.
Kh2 Qf5 ({Or} 33... Rxe7 34. Qxf6+ Kg8 35. Qf8+ Kh7 36. Nf6#) 34. Qd6 h5 35.
Rxf7+ Kh6 ({If} 35... Kxf7 {, then} 36. Qf8+ Ke6 37. Qe8#) 36. Qf8# 1-0

[Event "United Insurance 6th"]
[Site "Dhaka"]
[Date "2003.03.08"]
[Round "1"]
[White "Neelotpal, Das"]
[Black "Rahman, Ziaur"]
[Result "0-1"]
[WhiteElo "2406"]
[BlackElo "2542"]
[Annotator "Atlas,V"]
[PlyCount "102"]
[EventDate "2003.03.08"]
[EventType "tourn"]
[EventRounds "13"]
[EventCountry "BAN"]
[EventCategory "9"]
[SourceTitle "CBM 095"]
[Source "ChessBase"]
[SourceDate "2003.07.25"]
[SourceVersion "1"]
[SourceVersionDate "2003.07.25"]
[SourceQuality "1"]

1. e4 g6 2. d4 Bg7 3. Nc3 c6 4. Nf3 d6 5. Be3 Qb6 6. Rb1 Nf6 7. h3 O-O 8. Be2
Nbd7 9. O-O Qc7 10. a4 b6 11. Qd2 Bb7 12. Rfe1 Rad8 13. Rbd1 a6 14. Bh6 e5 15.
Bxg7 Kxg7 16. dxe5 Nxe5 17. Nh4 b5 18. f4 Qb6+ 19. Kh1 Ned7 20. Bf3 b4 21. Na2
a5 22. b3 Rfe8 23. Re3 c5 24. Rd3 Bxe4 25. Rxd6 Qb8 26. c4 Bxf3 27. gxf3 Re6
28. Rxe6 fxe6 29. Qd6 Kf7 30. Qxb8 Rxb8 31. Nc1 Ke7 32. Nd3 Nh5 33. Re1 Rf8 34.
Ng2 Ng3+ 35. Kg1 Nf5 {The ending is clearly better for Black.} 36. Ne5 Nd4 37.
Nxd7 Kxd7 38. Re3 e5 39. fxe5 Nxf3+ 40. Kf2 Nxe5+ 41. Kg3 Nc6 42. Nf4 Nd4 43.
Rd3 Kc6 44. Kg4 Re8 45. Kg5 Re1 46. Kh6 Re4 47. Nd5 Rh4+ 48. Kg5 Rh5+ 49. Kf6
Kd6 50. Re3 $4 ({A terrible blunder severly punished by Black. After} 50. Kg7 {
White had some chances to escape.}) 50... Rf5+ $1 51. Kg7 {[%tqu "En","How can
Black use the disharmony in the placement of White's pieces?","Watch out for
geometrical motifs!","Use a shaky position of the white rook.","f5d5","This
simple and efficient move wins on the spot.",3]} Rxd5 $1 {[%csl Re3,Rg7][%cal
Gd4f5,Gf5e3,Gf5g7] The winning move. Black wins a piece and the game.} (51...
Rxd5 {, and White resigned in view of the line:} 52. cxd5 Nf5+) 0-1

[Event "Vikings GM 1st"]
[Site "York"]
[Date "1999.12.14"]
[Round "2"]
[White "Sutovsky, Emil"]
[Black "Hodgson, Julian M"]
[Result "1/2-1/2"]
[WhiteElo "2587"]
[BlackElo "2605"]
[Annotator "Avrukh,B"]
[PlyCount "69"]
[EventDate "1999.12.13"]
[EventType "tourn"]
[EventRounds "10"]
[EventCountry "ENG"]
[EventCategory "12"]
[SourceTitle "CBM 075"]
[Source "ChessBase"]
[SourceDate "2000.04.05"]
[SourceVersion "1"]
[SourceVersionDate "2000.04.05"]
[SourceQuality "1"]

1. e4 g6 2. d4 Bg7 3. Nc3 c6 4. Nf3 d6 5. h3 Nf6 6. a4 (6. Be3 {in my opinion
more promising for white.}) 6... O-O 7. Be3 d5 $1 8. e5 Ne4 9. Nxe4 dxe4 10.
Ng5 c5 11. dxc5 Qc7 12. Nxe4 Qxe5 13. Nc3 Nc6 ({Another promising continuation
for black-} 13... Be6 {[%cal Gb8d7]} 14. Qf3 Nd7 15. Qe4 Rfc8 16. O-O-O Nxc5
17. Qxe5 Bxe5 18. Bd4 Bxd4 19. Rxd4 Rd8 $11 {0-1 Kuczynski,R-McNab,C/
Thessaloniki 1988/TD (56)}) 14. Bd3 $146 (14. Bb5 Nd4 (14... Rd8 15. Qe2 Be6
16. Bxc6 bxc6 17. O-O Rdb8 18. Nd1 (18. Rab1 Rb4 $1 $44 {[%cal Ga8b8]}) 18...
Qe4 {[%cal Ge6c4]} 19. f3 Qc4 20. Qxc4 Bxc4 21. Re1 Bxb2 22. Nxb2 Rxb2 23. Bd4
Rb7 $11 {1/2-1/2 Smyslov,V-Speelman,J/Hastings 1988/CBM 11 (28)}) 15. O-O Nf5
$1 (15... Qxc5 16. Ne2 Nxe2+ 17. Qxe2 Qc7 18. c3 $14) 16. Qe2 Nxe3 17. Qxe3
Qxe3 18. fxe3 Be6 $44 {[%csl Rc3,Rc5,Re3,Ge6,Gg7] 1/2-1/2 Virovlansky,
S-Zakharevich,I/St Petersburg RUS 1998 (50)}) (14. Bc4 Bf5 15. O-O Rad8 16. Qe2
(16. Bd3 Rd7 17. Qe2 Bxd3 18. cxd3 Nd4 19. Qg4 Rfd8 20. Rac1 Nf5 $15 {[%csl
Gd3,Ge3] 0-1 Maciejewski,A-Sznapik,A/Bydgoszcz 1990/EXT 97 (35)}) 16... Nd4 17.
Bxd4 Rxd4 18. Qxe5 Bxe5 19. Rfe1 Bf6 20. Bb3 Rfd8 $44 {0-1 Lorenz,S-Espig,L/
Chemnitz 1998/EXT 99 (38)}) 14... f5 $1 (14... Nd4 15. O-O Qxc5 16. Ne2 (16.
Nb5 {[%cal Gc2c3]} a6 $8 17. b4 Qb6 18. a5 Qd8 19. Nxd4 Bxd4 20. Bxd4 Qxd4 21.
Qe1 Be6 $11) 16... Nxe2+ 17. Qxe2 Qc7 18. c3 Be6 19. a5 $14) 15. O-O $2 {
Unaccurate move,after which black attack becomes unpleasant.} (15. Qe2 $142 f4
16. Bd2 Qxc5 (16... f3 $5 17. Qxe5 (17. gxf3 Nd4 18. Qxe5 Nxf3+ 19. Ke2 Nxe5
20. Be4 Nc6 $1 $44) 17... Nxe5 18. Be4 fxg2 19. Bxg2 Nf3+ 20. Bxf3 Rxf3 $11 {
[%csl Gh3]}) 17. Ne4 Qb6 18. Bc3 Bxc3+ 19. bxc3 f3 $1 20. Bc4+ e6 21. gxf3 Ne5
$132) 15... f4 16. Bd2 f3 $1 {[%mdl 128]} 17. Re1 Qxc5 18. Be3 (18. Ne4 Qd5 $1)
18... Qb4 $1 (18... Qa5 $143 19. Be4 fxg2 20. Qd5+ $11) 19. Nd5 (19. Ne4 fxg2 (
19... Qxb2 20. Bc4+ Kh8 21. c3 {[%cal Ga1a2]} Rd8 22. Qxf3 Ne5 23. Qe2 Qxe2 24.
Bxe2 $11) 20. c3 Qa5 21. Kxg2 (21. Qb3+ Kh8 22. Ng5 Bf5) 21... Ne5 $36) 19...
Qh4 20. g3 Qxh3 21. Nf4 Rxf4 $2 {Unfortunate desicion for black,white managed
to parry first wave of black's attack,so it was the right time to recover and
simply to play with pawn-up.} (21... Qg4 $1 {[%cal Gg6g5]} 22. Bc4+ (22. Be4
Ne5 23. Bd4 Rxf4 24. Bxe5 Bxe5 25. Qd5+ e6 26. Qxe5 Qh3 $19) 22... e6 (22...
Kh8 23. Bd5 Ne5 24. Bd4 Rxf4 25. Bxe5 Bxe5 26. Rxe5) 23. Bf1 {[%cal Gf1h3]} (
23. Qd6 Be5 24. Bxe6+ Bxe6 25. Qxe6+ Qxe6 26. Nxe6 Rfe8 27. Ng5 Nb4 $1 $17 {
[%csl Gb2,Gc2]}) 23... Qf5 (23... Rd8 24. Bh3 (24. Qb1 Qf5 $17 {[%cal Ge6e5]})
24... Rxd1 25. Bxg4 Rxa1 26. Rxa1 Bxb2 27. Rb1 Ne5 28. Bxe6+ Bxe6 29. Nxe6 Nc4
30. Bd4 $1 $11) 24. Qxf3 Qxc2 $1 (24... g5 25. Bd3 Qf7 26. Qh5 (26. Qe4 Bxb2
$17) 26... Qxh5 27. Nxh5 Bxb2 28. Rab1 Bd4 29. Be4 $44 {[%csl Ga8,Gb7,Gc8]})
25. Rac1 Qxb2 26. Bc5 Rf7 $17) 22. Bf1 Qh5 23. Bxf4 Bg4 24. c3 $1 {[%csl Gg7]
[%cal Gd1b3]} Rf8 25. Qb3+ Kh8 26. Qxb7 Bh3 27. Qb5 $2 (27. Re3 $1 {[%cal
Ge3f3] was easily win for white} Bxf1 (27... e5 28. Qxc6 exf4 29. Rxf3 $18) 28.
Rxf1 e5 29. Qxc6 Rxf4 30. Rd1 $18) 27... e5 28. Qxc6 Bxf1 (28... exf4 $2 29.
Bxh3 Qxh3 30. Qxf3 $18) 29. Rxf1 $2 ({This was the last opportunity for white
to hold his advantage after-} 29. Rxe5 $1 Bxe5 30. Bxe5+ Qxe5 31. Rxf1 Qf5 {
[%cal Gf5h3]} 32. Qd6 $16) 29... exf4 $44 {Now suddenly black has sufficient
compensation for exchange.} 30. Rae1 g5 {[%cal Gg5g4,Gh5h3]} 31. Qd5 Qg4 (31...
fxg3 32. fxg3 Qg4 33. Kh2 (33. Qd6 h5 $132) 33... Qh5+ (33... Rf6 34. Re8+ Bf8
35. Qe5 $18) 34. Kg1 Qg4 $11) 32. Qe6 {Black attack is very unpleasant and
white has to force the draw.} (32. Qe4 Qh5) 32... Qh5 33. Qd5 (33. Re4 g4 34.
Rxf4 Qh3 35. Rxf8+ Bxf8 36. Qf6+ Kg8 37. Qg5+ $11) 33... Qg4 34. Qe6 Qh5 35.
Qd5 1/2-1/2

[Event "Tel Aviv super 1st"]
[Site "Tel Aviv"]
[Date "1999.05.13"]
[Round "3"]
[White "Zilberman, Yaacov"]
[Black "Avrukh, Boris"]
[Result "1/2-1/2"]
[WhiteElo "2516"]
[BlackElo "2609"]
[Annotator "Avrukh,B"]
[PlyCount "71"]
[EventDate "1999.05.11"]
[EventType "tourn"]
[EventRounds "9"]
[EventCountry "ISR"]
[EventCategory "14"]
[SourceTitle "CBM 071"]
[Source "ChessBase"]
[SourceDate "1999.08.01"]
[SourceVersion "1"]
[SourceVersionDate "1999.08.01"]
[SourceQuality "1"]

1. d4 {Gershon} g6 2. Nf3 Bg7 3. e4 d6 4. Be2 Nf6 5. Nc3 O-O 6. O-O a6 7. Re1
Nc6 (7... b5 {Gershon} 8. e5 Ne8 (8... Nfd7 9. e6 fxe6 10. Ng5 Nf6 11. Bf3 Ra7
12. a3 d5 13. Nxe6 Bxe6 14. Rxe6 Qd7 15. Re1 Nc6 16. Qd3 Raa8 17. Bg5 e6 18.
Bh4 Ne7 19. Bg3 Nf5 20. Be5 $16 {0-1 Scarella,E-Spangenberg,H/Villa Martelli
1996/EXT 98 (61)}) (8... dxe5 9. dxe5 Ng4 10. h3 Nh6 11. Qd5 Qxd5 12. Nxd5 e6
13. Nf6+ Bxf6 14. exf6 Nf5 15. Ne5 Bb7 16. Bf4 Rd8 17. Rad1 Nd6 18. c4 Nc6 19.
c5 Nxe5 20. Bxe5 Ne8 21. Rxd8 Rxd8 22. Rd1 $16 {1-0 Anand,V-Van Wely,L/Monte
Carlo 1997/CBM 57 ext (41)}) 9. a4 b4 10. Nd5 Nc6 11. Bg5 h6 12. Bh4 Be6 13.
Nf4 Bf5 14. Nd3 a5 15. h3 Qd7 16. Qd2 Nd8 17. Bf1 g5 18. Bg3 c6 19. c4 bxc3 20.
bxc3 Ne6 21. Nb2 d5 $15 {0-1 Dannevig,O-Djurhuus,R/NOR-ch 1996/EXT 97 (68)}) 8.
d5 Ne5 9. Nxe5 dxe5 10. Be3 (10. a4 e6 (10... Ne8 $6 11. a5 Nd6 12. f3 f5 13.
Bd3 $6 (13. Be3 $1 f4 14. Bf2 g5 15. Na4 {[%cal Ga4c5]} g4 16. Nc5 $16) 13...
f4 14. Na4 g5 15. c4 Rf6 16. b4 Rg6 17. Ra2 h5 18. Kh1 g4 $132 {De Boer,
G-Fries Nielsen,J/Groningen op 1994/EXT 94op/1-0 (42)}) 11. Bg5 exd5 12. exd5
h6 13. Bh4 Qd6 14. Qd2 Bf5 15. Rad1 Rfe8 {[%cal Ye5e4] and black obtained
comfortable play.1/2-1/2 Marin,M-Milu,R/Bucharest 1997/CBM 60 (19)}) 10... e6
$146 {[%mdl 8] '!?' Gershon.} (10... Qd6 11. Qd3 (11. Bf3 Bd7 12. Nb1 $5 {
[%cal Gc2c4]} e6 13. c4 exd5 14. c5 Qe6 15. exd5 Qf5 16. Nc3 e4 17. Be2 Bb5 $5
$132 {1/2-1/2 Iannacone,E-Hoi,C/Berlin 1980/MCD-r8 (20)}) (11. h3 Rd8 12. Qd3
e6 13. dxe6 Bxe6 14. Qxd6 Rxd6 15. Rad1 Rc6 16. f3 Bf8 $11 {1/2-1/2 Sosonko,
G-Larsen,B/Ljubljana 1977/MCD-r7 (75)} (16... Bf8 17. f4 Bh6 18. Rf1 Re8 19.
Rf3 exf4 20. Bxf4 Bxf4 21. Rxf4 Nd7 22. Bg4 Bxg4 23. Rxg4 Ne5 $15 {1/2-1/2
Sosonko,G-Larsen,B/Ljubljana 1977/MCD (75)})) 11... Rd8 12. Na4 {[%cal Ge3c5]}
e6 13. Bc5 Qd7 14. dxe6 fxe6 15. Rad1 Qxd3 16. Bxd3 $14 {[%csl Ge5,Ge6] 1-0
Miles,A-Kavalek,L/Amsterdam 1977/MCL 08 (74)} (16. Bxd3 {Gershon} Bd7 17. Nc3
Bc6 18. f3 Nd7 19. Be3 b5 20. Be2 Bf8 21. Nb1 Nc5 22. Rxd8 Rxd8 23. Rd1 Rb8 24.
Kf2 a5 25. Nd2 a4 26. c3 Rd8 27. a3 Nd3+ 28. Bxd3 Rxd3 29. Ke2 Rd8 30. Nf1 Rb8
31. Bg5 Bd6 32. Ne3 h5 33. Nc2 Kf7 34. Nb4 Be8 35. Be3 $16 {1-0 Miles,
A-Kavalek,L/Amsterdam 1977/MCL (74)})) 11. Bc5 Re8 12. Bc4 (12. dxe6 {Gershon}
Bxe6 13. Qxd8 Raxd8 $11) 12... b6 (12... exd5 13. Nxd5 Nxd5 14. Bxd5 c6 15. Bb3
$14 {[%csl Gb6]}) 13. dxe6 (13. Ba3 Rb8 {[%cal Gb6b5,Gb5b4]} (13... exd5 14.
Nxd5 Bb7 $2 15. Ne7+ $1) (13... b5 14. Bb3 Rb8 15. Bb4 $1 $14) 14. Bb3 (14.
dxe6 fxe6 $1 $11 {[%csl Ra3]} (14... Bxe6 $2 15. Bxa6 $16)) 14... Bf8 (14...
exd5 15. Nxd5 Nxd5 (15... c5 16. Qf3 Nxd5 17. Bxd5 Be6 18. Rad1 $14) 16. Bxd5
Bb7 (16... Be6 17. Bc6 $1 (17. Bxe6 Rxe6 18. Qe2 b5 19. Rad1 Qe8 20. Bb4 Bf8
$11) 17... Qxd1 18. Raxd1 Red8 19. Be7 Rxd1 20. Rxd1 $16) 17. Bxb7 Rxb7 18. Qe2
{[%csl Ga6]} b5 {[%cal Gb5b4]} 19. Rad1 Qf6 20. Bb4 $14 (20. Bc5 Qc6)) 15. dxe6
fxe6 16. Bxf8 Rxf8 $132) 13... Bxe6 14. Bxe6 Rxe6 15. Be3 {It looks, like the
game must finish with a draw in a few moves, but black must be attentive,
because it's not so easy, as it looks in first sight. Black has some problems
with the queenside pawns - for example after coming Qe2 the a6-pawn doesn't
give to black rook enter into the game.} Qf8 $6 $14 {[%cal Gg7h6,Gf8b4] '!'
Gershon. An overoptimistic move. After this white gets an advantage untill the
end of the game and I had to play very accurately in order to hold the game.} (
15... Rd6 16. Qe2 $14) (15... Qxd1 $142 16. Raxd1 Bf8 17. a3 Bd6 $11 (17... Rd6
18. Bg5 Nd7 19. Nd5 $36)) 16. a3 {[%csl Gb4]} (16. Qe2 Qb4 17. Nd5 Nxd5 18.
exd5 Ree8 19. c4 e4 $11) 16... h5 {[%cal Gf6g4] Gershon: 'Intending to
exchange his passive bishop for white's active one.'} (16... Bh6 17. Bxh6 Qxh6
18. Qe2 {[%csl Ga6][%cal Ge2c4]} (18. Nd5 Nxd5 19. Qxd5 $14) 18... Rd6 19. Rad1
$14) 17. h3 (17. f3 Bh6 18. Bf2 Rd6 $1) (17. Nd5 Rd8 18. Nxf6+ Bxf6 19. Qe2 b5
$11) 17... Bh6 18. Bxh6 Qxh6 19. Nd5 {Looks like a very promising continuation,
but black has still enough resourses to hold.} ({Another way was} 19. Qe2 $142
$5 $14) 19... Nxd5 20. Qxd5 (20. exd5 $5 Rf6 $5 (20... Ree8 21. Qf3 {[%cal
Gf3c3]} Rad8 (21... Qd2 22. Re2 Qd4 23. c3) 22. Rad1) 21. Qe2 (21. c4 Qf4 $132)
(21. Rxe5 $140 Rxf2 $1) 21... Qf4 {[%csl Gf2]} 22. Rad1 Rd8 $132 (22... Rd8 {
Gershon} 23. c4 $14) (22... b5 $5)) 20... Qf8 $1 {[%mdl 256]} (20... Ree8 21.
Rad1 {[%csl Gc7][%cal Gd5c6]}) 21. Rad1 Qe8 {Gershon: 'Now, although white
controls the only open file, black easily changes all the pieces on that file,
transposing into a drawn pawn endgame.'} 22. Qd7 (22. Rd3 Rd6 23. Qb7 (23. Qc4
Rxd3 24. Qxd3 Qd8 25. Qe2 Qe7 26. Rd1 Rd8 $1 $11) 23... Qc8 $1 $11 (23... Rxd3
24. cxd3 Qc8 25. Qd5 Qe8 $11)) 22... Rc8 $11 23. Qxe8+ Rexe8 24. Rd7 Red8 25.
Red1 Rxd7 26. Rxd7 Kf8 {[%cal Gf8e8]} 27. g4 hxg4 28. hxg4 g5 $1 (28... Ke8 29.
Rd5 f6 30. g5 Rd8 $1 (30... Ke7 $2 31. gxf6+ Kxf6 32. Rd7) 31. Rxd8+ Kxd8 $11)
29. Kf1 Ke8 30. Rd5 f6 31. Rd3 Rd8 32. Ke2 (32. Rh3 {Gershon} Rd2 33. Rc3 c5
34. Ke1 Rd4 35. f3 Kd7 $15 {[%csl Gc3]}) 32... Rxd3 33. Kxd3 Kd7 34. Kc4 Kd6
35. a4 c5 36. c3 1/2-1/2

[Event "EU-ch 3rd"]
[Site "Batumi"]
[Date "2002.06.14"]
[Round "3"]
[White "Gagunashvili, Merab"]
[Black "Minasian, Artashes"]
[Result "1-0"]
[WhiteElo "2472"]
[BlackElo "2572"]
[Annotator "Avrukh,B"]
[PlyCount "73"]
[EventDate "2002.06.12"]
[EventType "swiss"]
[EventRounds "13"]
[EventCountry "GEO"]
[SourceTitle "CBM 090"]
[Source "ChessBase"]
[SourceDate "2002.09.20"]
[SourceVersion "1"]
[SourceVersionDate "2002.09.20"]
[SourceQuality "1"]

1. d4 g6 2. e4 Bg7 3. Nc3 c6 4. Nf3 d6 5. Be2 Nd7 6. a4 Qc7 7. O-O Ngf6 8. h3
O-O 9. Be3 e5 10. dxe5 dxe5 11. Bc4 Nh5 (11... b6 $5 12. Qd3 {[%cal Gf1d1]} a6
13. Rfd1 Bb7 {[%cal Gb6b5]} 14. Qd6 Rac8 {1/2-1/2 Kestler,H-Hoffmann,H/BL2-O
1995 (18)}) 12. a5 (12. Qd2 {doesn't create any problems for black} Nf4 13. Ne2
(13. Rfd1 Nb6 14. Bb3 Be6 $11) 13... Nxe2+ 14. Qxe2 b6 {[%cal Gc8b7]} 15. Rfd1
Nf6 16. Bd2 Bb7 17. Bc3 Nh5 18. Qe3 Rad8 $11 {Rizouk,R-Ramos,A/Algarve 1995})
12... Nf4 13. Qb1 $5 {[%csl Gf7][%cal Gb1a2]} (13. Qd2 b5 $1 (13... Rd8 14.
Rfd1) 14. axb6 Nxb6 {[%csl Ga7,Gc6]} 15. Bxb6 (15. Bb3 Be6 $11) 15... Qxb6 16.
Na4 Qc7 17. Rfd1 Be6 18. Bxe6 Nxe6 19. Qd6 Rfc8 20. Qxc7 Rxc7 21. Nb6 Rb8 22.
Nc4 $11 {1/2-1/2 Browne,W-Donner,J/Skopje 1972/EXT 2000 (39)}) 13... Qd6 $1
$146 {Really strong improvement,black queen will go to f6,where he will
protect f7-square and create some threates on the kingside} (13... b5 $6 14.
axb6 Nxb6 15. Qa2 $1 Nxc4 16. Qxc4 Be6 17. Qc5 Rfb8 18. b3 Rb7 19. Ra6 $16 {
[%csl Ga7,Gc6] Pirrot,D-Flueckiger,C/Biel op MTO 1997}) (13... h6 14. Qa2 Qd8
15. Kh2 Qf6 16. Ng1 {[%cal Gg2g3]} g5 17. g3 Ng6 18. Be2 Re8 19. Bg4 $14 {
Bischoff,K-Sebastian,D/Pyramiden-Franken Cup 1999}) 14. Ne2 (14. Qa2 $140 Qf6
$1 {[%cal Gf4h3]} 15. Ne1 Re8 16. Rd1 Nf8 $1 {[%cal Gf8e6,Ge6d4,Gc8e6]}) 14...
Qb4 $2 {This is completely wrong direction,probably Artashes missed white next
move} (14... Nc5 $142 $1 15. Rd1 Qe7 {[%cal Gc8e6] with comfortable play for
black}) 15. Nd2 Nxe2+ (15... b5 $6 16. axb6 Nxb6 17. c3 {[%csl Ga7,Gc6]} Nxe2+
18. Bxe2 Qd6 $8 19. Ra5 Be6 20. Qa1 $16) 16. Bxe2 f5 17. c3 Qe7 18. f3 (18.
exf5 gxf5 19. f4 e4 $13 {[%cal Gd7f6,Gc8e6]}) 18... Nf6 19. b4 {[%cal Ge3c5]}
Nh5 $2 (19... Rd8 20. Bc4+ Kh8 (20... Be6 $140 $2 21. exf5 gxf5 22. Qxf5 $1)
21. Qb3 $1 $16 {[%csl Gc8]} Bd7 22. Bc5 Qe8 23. Bf7 {[%csl Ge8]}) 20. Qe1 $2 (
20. Bc5 Qg5 21. Bc4+ (21. Qa2+ $143 Kh8 (21... Rf7 $2 22. Bc4) 22. Bxf8 Bxf8
23. Qf7 $140 $2 (23. Rf2 $142) 23... Be6 $1 24. Qxb7 (24. Qxe6 Nf4 $19 {
[%csl Ge6,Gg2]}) 24... Nf4 25. Rf2 Rd8 $40) 21... Kh8 22. Bxf8 Bxf8 23. Rf2 Nf4
24. Kh2 {and like in the game black hasn't sufficient compensation for exchange
}) 20... f4 $2 ({Both} 20... Rd8) ({and} 20... Qf6 {were leading to very
complicated play}) 21. Bc5 Qg5 22. Bc4+ $1 {Looks,like Artashes simply forgot
about this intermediate move,after which black remains without excange and any
compensation} Kh8 23. Bxf8 Bxf8 24. Kh2 Be7 (24... Ng3 25. Rf2 {[%cal Gd2f1,
Gf2d2]}) 25. Qf2 Qh6 {[%cal Gg6g5]} 26. Rfd1 g5 {[%cal Gg5g4]} 27. Kg1 Nf6 28.
Nb3 g4 $6 {Black position appears to be losing,but still this pawn sacrifice
doesn't look correct} (28... Qg6 $142 29. Rd3 h5 {[%cal Gg5g4]} 30. Rad1 g4 31.
hxg4 hxg4 32. Kf1 $1 {[%cal Gf1e2] White has winning position,but still the
game isn't over}) 29. hxg4 Nd7 $5 {[%cal Ge7h4,Gh4g3] Trying to activate
dark-squared bishop and create some threates to white king} (29... Bxg4 30.
fxg4 $1 (30. Kf1 $5 Rf8 31. Rd3 Bc8 32. Ke2 {[%cal Ge2d2,Gd2c2]}) 30... Nxg4
31. Qf3 Qh2+ 32. Kf1 Ne3+ 33. Ke2 Nxc4 34. Rh1 Qg3 35. Qxg3 fxg3 36. Raf1 $18 {
[%cal Gf1f7]}) 30. g3 (30. Qc2 {was another option for white} Bh4 $140 31. Nd2
$1 Bg3 32. Nf1 {[%csl Gg3,Gh2]}) 30... fxg3 31. Qxg3 Bh4 32. Qh2 $1 $18 {
[%csl Ge5] Not allowing black to play Nf8-g6} Qf6 33. Rd3 {[%csl Gf3][%cal
Ga1d1]} Nf8 {[%cal Gf8g6,Gg6f4]} 34. Nc5 Bg5 (34... Ng6 35. Rad1 Nf4 36. Rd8+
$1 Qxd8 37. Rxd8+ Bxd8 38. Qh6 {[%cal Gh6f8]} Be7 39. a6 $1 {[%csl Gb7,Gc6]})
35. Rad1 b6 36. Rd6 Qxf3 $2 $138 (36... Qe7 37. Nb3 (37. Ne6 $5 {[%csl Ge5]}
Bxe6 (37... Nxe6 38. Bxe6 Bf4 (38... Bxe6 39. Qxe5+ $18 {[%cal Ge5e6]}) 39.
Rd8+ Kg7 40. Rg8+ Kf6 41. Qh5 $1 {[%csl Rf6]} Qxe6 42. g5+ $18 {with mate}) 38.
Bxe6 Nxe6 (38... Bf4 39. Qh5 $18 {[%cal Gd6d7]}) 39. Qxe5+ Ng7 40. Qxe7 Bxe7
41. Rxc6 {with winning endgame}) 37... b5 38. Be2 Be6 39. Nc5 $1 (39. Qxe5+
$140 Bf6 40. Rxe6 Nxe6 $44 {[%csl Gg1]}) 39... Bd5 40. R1xd5 cxd5 41. Rxd5 Bf4
42. Qh5 $18 {[%cal Gc5d3,Ge2b5]}) 37. Qxe5+ 1-0